Trabajo decente (Registro nro. 5130)

Detalles MARC
000 -LEADER
fixed length control field 01187 a2200205 4500
001 - CONTROL NUMBER
control field 53190
005 - DATE AND TIME OF LATEST TRANSACTION
control field 20260407155806.0
008 - FIXED-LENGTH DATA ELEMENTS--GENERAL INFORMATION
fixed length control field 260407a2005 arg spa d
003 - CONTROL NUMBER IDENTIFIER
control field AR-UNSa-BCEJYS
040 ## - CATALOGING SOURCE
Original cataloging agency AR-UNSa-BCEJYS
Language of cataloging spa
Transcribing agency AR-UNSa-BCEJYS
080 ## - UNIVERSAL DECIMAL CLASSIFICATION NUMBER
Universal Decimal Classification number 331.101
Common auxiliary subdivision Cuestiones laborales de carácter general. Teoría del trabajo. Ciencia del trabajo
020 ## - INTERNATIONAL STANDARD BOOK NUMBER
International Standard Book Number 987-9494-68-7
100 1# - MAIN ENTRY--PERSONAL NAME
Personal name Lanari, María Estela
245 10 - TITLE STATEMENT
Title Trabajo decente
Name of part/section of a work Diagnóstico y aportes para la medición del mercado laboral local
264 #1 - PRODUCTION, PUBLICATION, DISTRIBUTION, MANUFACTURE, AND COPYRIGHT NOTICE
Place of production, publication, distribution, manufacture Mar del Plata :
Name of producer, publisher, distributor, manufacturer Ediciones Suárez
Date of production, publication, distribution, manufacture, or copyright notice 2005
300 ## - PHYSICAL DESCRIPTION
Extent 216 p.
Dimensions 22 cm.
505 ## - FORMATTED CONTENTS NOTE
Formatted contents note 1. Acerca de la naturaleza del trabajo - 2. Considraciones y aproximaciones al trabajo decente - 3. La transfiguración del mercado de trabajo.Del contexto nacional a la realidad local - 4. Condiciones críticas de empleo.Una nueva perspectiva de la cuestión laboral - 5. Reflexiones metodológicas sobre la medición de la pobreza.Análisis de su superación - 6. Vulnerabilidad social:El camino hacia la exclusión - 7. Distribución de ingresos y desigualdad - 8. Protección y des´protección social
590 ## - LOCAL NOTE (RLIN)
Local note niveau_biblio:m niveau_hierar:0
942 ## - ADDED ENTRY ELEMENTS (KOHA)
Koha item type
Existencias
Withdrawn status Lost status Damaged status Not for loan Home library Current library Shelving location Date acquired Total checkouts Full call number Barcode Date last seen Price effective from Koha item type
        Biblioteca Prof. Eusebio Cleto del Rey Biblioteca Prof. Eusebio Cleto del Rey   07/04/2026   331.101 L243 L116206 07/04/2026 07/04/2026 Libro